| 000 | 01257nam a2200289Ia 4500 | ||
|---|---|---|---|
| 003 | CO-CtgCURN | ||
| 005 | 20250408184836.0 | ||
| 008 | 190723s2014 xx f 000 0 spa d | ||
| 020 | _a9789587493726 | ||
| 040 |
_aCO-CtgCURN _bspa _ccoctgcurn |
||
| 082 |
_a343.04 _bC824 |
||
| 100 |
_aCorredor Velasquez, David Orlando _91960 |
||
| 245 | 0 |
_aDerecho tributario : _bconsideraciones y aplicación del concepto de establecimiento permanente / _cDavid Orlando Corredor Velásquez |
|
| 250 | _a1 edición | ||
| 260 |
_aBogotá, Colombia : _bPontificia Universidad Javeriana, _c2014 |
||
| 300 |
_a201 páginas ; _c23 centímetros |
||
| 490 |
_aColecion Mencion de honor; _v5 |
||
| 504 | _aIncluye referencias bibliográficas (p. 147-156) | ||
| 505 | _aHistoria y finalidad del establecimiento permanente -- De establecimiento permanente --Anotaciones sobre el MCDI ONU -- El establecimiento permamente en Colombia | ||
| 521 | _aAREA PROFESIONAL | ||
| 590 | _aPrograma de Derecho_18 | ||
| 650 |
_aDerecho fiscal _91961 |
||
| 650 |
_aDerecho y globalizacion _91962 |
||
| 942 |
_cBK _h343.04 _iC824 _03 _2ddc _n0 |
||
| 999 |
_c28580 _d28580 |
||